Movies Quiz

Random Movies or Letter Quiz
Score 0/25 Timer 07:00
0 Plays Today
Hint Movie Title % Correct
2008 Pixar film about robotsWALL-E
80.6%
2010 high school comedy starring Emma StoneEasy A
77.1%
2004 sci-fi film starring Will SmithI, Robot
59.9%
2009 film about specially trained guinea pigsG-Force
45.3%
1982 fantasy adventure film directed by Steven SpielbergE.T.: The Extra Terrestrial
43.4%
2006 film by the Wachowskis starring Natalie Portman and Hugo WeavingV for Vendetta
43.1%
2008 directed by Oliver Stone and starring Josh Brolin as the presidentW.
41.8%
2000 Coen brothers film starring George Clooney and John TurturroO Brother Where Art Thou
37.4%
1998 film starring Ed Norton, Edward Furlong and Beverly D'AngeloAmerican History X
34.2%
1991 Oliver Stone film starring Kevin CostnerJFK
31.7%
2007 romantic drama starring Hillary Swank and Gerard ButlerP.S. I Love You
29.7%
1954 Hitchcock film starring Grace KellyDial M for Murder
29.6%
2002 thriller starring Denzel WashingtonJohn Q
27.9%
Hint Movie Title % Correct
2001 sci-fi film starring Jeff Bridges and Kevin SpaceyK-Pax
25.7%
1986 film starring Brian Dennehy about a special effects editorF/X
25.3%
1997 cop film starring Kevin Spacey, Russell Crowe and Guy PearceL.A. Confidential
24.5%
2000 submarine film starring Matthew McConaughey and Jon Bon JoviU-571
22.4%
1998 horror film starring Jamie Lee CurtisHalloween H20
19.5%
1991 film starring Cuba Gooding Jr and Ice CubeBoyz N the Hood
17.7%
1994 film starring Jeremy Piven and John FavreauPCU
12.1%
2009 sequel to the cult hit movie in which Jake Gyllenhaal starred as the title characterS. Darko
11.9%
1989 film based on a famous Japanese cartoonDragon Ball Z: Dead Zone
9.6%
2000 movie directed by John Waters and starring Stephen Dorff as the title characterCecil B. Demented
4.3%
2004 film directed by David Duchovny and starring Robin WilliamsHouse of D
3%
2007 Halloween horror film starring no one in particularTrick 'r Treat
1.9%

You're not logged in!

Compare scores with friends on all Sporcle quizzes.
OR
Log In

Sporcle TV

Today on Sporcle TV


Watch our educational content, quiz creation guides, and fun videos on Sporcle TV.

Show Comments

Extras

Top Quizzes Today


Score Distribution

Paid Content

Your Account Isn't Verified!

In order to create a playlist on Sporcle, you need to verify the email address you used during registration. Go to your Sporcle Settings to finish the process.

Report this User

Report this user for behavior that violates our Community Guidelines.

Details: